| 000 | 00646nam a2200217Ia 4500 | ||
|---|---|---|---|
| 008 | 240729s9999 xx 000 0 und d | ||
| 022 | _a2313-433X | ||
| 245 | 0 | _aJournal of Imaging | |
| 260 | _aSwitzerland | ||
| 260 | _bMDPI AG | ||
| 650 | _a Computer applications to medicine. Medical informatics | Science | ||
| 650 | _a Electronic computers. Computer science | ||
| 650 | _a Instruments and machines | ||
| 650 | _a Mathematics | ||
| 650 | _a Medicine (General) | ||
| 650 | _a Photography | Medicine | ||
| 650 | _aTechnology | ||
| 856 | _uhttps://doaj.org/toc/30e0ac270c2a453db1f82e1522656503 | ||
| 942 | _2ddc | ||
| 942 | _cDOAJEJ | ||
| 999 |
_c67872 _d67872 |
||
| 945 |
_a1 _bMadushi Gamage _c1 _dMadushi Gamage |
||